| 000 | 00532nam a2200169Ia 4500 | ||
|---|---|---|---|
| 003 | IN-BaIIA | ||
| 008 | 211028s9999 xx 000 0 eng d | ||
| 040 | _cIIA Library | ||
| 080 |
_a517.91 _bFRA |
||
| 100 |
_aFrank, Philipp _91632 |
||
| 245 | 0 |
_aDie differential und integralgleichungen _cPhilipp Frank and Richard Von Mises |
|
| 260 |
_aNew York _bMary S. Rosenberg _c1943 |
||
| 300 | _axxiii, 916p. | ||
| 650 |
_aDifferential Equations _91510 |
||
| 700 |
_aMises Richard Von _91633 |
||
| 942 | _cBK | ||
| 999 |
_c760 _d760 |
||